h3 podcast trivia - Statistics

General Stats
  • This quiz has been taken 32 times
  • The average score is 15 of 22
Answer Stats
Answer % Correct
Sam left the show to work for...? QTCinderella
100%
What drink is associated with Uncle Gabe? White claw
89%
What is Love's dad's name? Hawk
86%
Who won Spicy Chip challenge? Lena
86%
What app is always flipped? Triller
86%
Which country was the team supposed to go to on the trip? Japan
82%
What is Ally's favourite service provider? Stamps.com
82%
Who is most likely to save your family during a fire? AB
79%
What is the city that AB talks about all the time? Dearborn
79%
What is the one drink Love hates? Water
79%
What is the name of Ian's robot? Ai Ian
71%
What is the name of Ethan's brother? Sean
71%
What does Zach collects? Lego
68%
Where Dan proposed to his fiancée? The Greek
64%
What does Donna save? Monarchs
61%
What awards show does Ethan hate? Streamys
61%
What did Ethan find, what did his parents hide from him when he was a child? A dildo
57%
Who found the cat and rescued it? Ian
57%
What city is Cam associated with? Boston
54%
What is the best trivia category for Olivia? Broadway
46%
What is the ultimate curse of the show? Pizza curse
29%
What is the name of the lawyer who says "Let's go"? David
21%
No matching quizzes found
Score Distribution
Percent of People with Each Score
Percentile by Number Answered
Your Score History
You have not taken this quiz